Proceeding of the symposium on nuclear physics (Record no. 10394)

MARC details
000 -LEADER
fixed length control field 00335nam a22001097a 4500
008 - FIXED-LENGTH DATA ELEMENTS--GENERAL INFORMATION
fixed length control field 230316b |||||||| |||| 00| 0 eng d
040 ## - CATALOGING SOURCE
Original cataloging agency National Science Library
Transcribing agency National Science Library
245 ## - TITLE STATEMENT
Title Proceeding of the symposium on nuclear physics
260 ## - PUBLICATION, DISTRIBUTION, ETC.
Name of publisher, distributor, etc. Department of Atomic Energy,
Date of publication, distribution, etc. 1990
310 ## - CURRENT PUBLICATION FREQUENCY
Current publication frequency Quarterly
942 ## - ADDED ENTRY ELEMENTS (KOHA)
Koha item type Continuing Resources
Holdings
Withdrawn status Lost status Materials specified (bound volume or other part) Damaged status Not for loan Home library Current library Shelving location Date acquired Total Checkouts Barcode Date last seen Price effective from Koha item type
    Vol. 31A,33A, 1988-90     National Science Library National Science Library FF/Rk-20/C-5/R-5 24/01/2001   147965 16/03/2023 16/03/2023 Continuing Resources
    Vol. 33C, 1991     National Science Library National Science Library FF/Rk-20/C-5/R-5 24/01/2001   147964 16/03/2023 16/03/2023 Continuing Resources
    Vol. 34C, 1991     National Science Library National Science Library FF/Rk-20/C-5/R-5 24/01/2001   147963 16/03/2023 16/03/2023 Continuing Resources
    Vol. 35C, 1993     National Science Library National Science Library FF/Rk-20/C-5/R-5 24/01/2001   147962 16/03/2023 16/03/2023 Continuing Resources